000 00302nam a22001337a 4500
008 170324b xxu||||| |||| 00| 0 eng d
020 _a9780809254460
041 _aeng
080 _a615.83
100 _a8
101 _aSHM
245 _aTRAINING ENYCLOPEDIA THE GOLD GYM
_cEDWARDS.G
942 _2udc
_cBK
999 _c8560
_d8560